Методы дискретного анализа в синтезе реализаций булевых функций

Podrobná bibliografie
Korporativní autor: Академия наук СССР (АН СССР) Сибирское отделение Институт математики
Jazyk:ruština
Vydáno: Новосибирск, ИМ, 1991
Témata:
Médium: MixedMaterials Kniha
KOHA link:https://koha.lib.tpu.ru/cgi-bin/koha/opac-detail.pl?biblionumber=155892

MARC

LEADER 00000nam0a2200000 4500
001 155892
005 20231031152829.0
010 |a 576230230X 
020 |a RU  |b 91-35811ж 
035 |a (RuTPU)RU\TPU\book\169079 
090 |a 155892 
100 |a 20090319a1991 km a0rusy5003 ca 
101 0 |a rus 
102 |a RU 
105 |a a z 001zy 
200 1 |a Методы дискретного анализа в синтезе реализаций булевых функций  |f сборник научных трудов  |v Вып. 51  |f Академия наук СССР (АН СССР), Сибирское отделение, Институт математики 
210 |a Новосибирск  |c ИМ  |d 1991 
215 |a 120 с.  |c ил. 
320 |a Библиография в конце статей 
610 1 |a дискретный анализ 
610 1 |a методы 
610 1 |a синтез 
610 1 |a реализация 
610 1 |a булевы функции 
675 |a 512.56  |v 3 
712 0 2 |a Академия наук СССР (АН СССР)  |b Сибирское отделение  |b Институт математики  |2 stltpush  |3 (RuTPU)RU\TPU\col\11754 
801 0 |a RU  |b RuMRKP  |c 19950417  |g psbo 
801 1 |a RU  |b 63413507  |c 20090319  |g PSBO 
801 2 |a RU  |b 63413507  |c 20090803  |g PSBO 
942 |c BK